Nenne die zehn größten Städte Australiens - Statistiken

Allgemein
  • Dieses Quiz wurde 369 mal gespielt
  • Das Durchschnittsergebnis liegt bei 6 aus 10
Antwortstatistiken
Einwohner Stadt % Korrekt
4,91 Millionen Sydney
98%
4,89 Millionen Melbourne
96%
2,05 Millionen Perth
92%
0,46 Millionen Canberra
91%
2,43 Millionen Brisbane
85%
1,34 Millionen Adelaide
74%
0,69 Millionen Gold Coast
38%
0,49 Millionen Newcastle
25%
0,34 Millionen Sunshine Coast
17%
0,34 Millionen Central Coast
8%
Keine übereinstimmenden Quizze gefunden
Verteilung der Resultate
Anzahl Personen mit jedem Resultat
Perzentil nach korrekt beantworteten Fragen
Ihre Resultats-Entwicklung
Sie haben dieses Quiz noch nicht gespielt